000 00327nam a2200133Ia 4500
008 140626s9999 xx 000 0 und d
100 _aFiester, Margaret et al.
245 _aSolutions /
_cMargaretetal. Fiester.
260 _cc2012.
300 _a57 : 11, page 28
440 _aHR Magazine
521 _aBSBA
942 _cSE
999 _c121493
_d121493